Manager's guide to online marketing / (Record no. 275990)
[ view plain ]
| 000 -LEADER | |
|---|---|
| fixed length control field | 01093nam a2200349Ma 4500 |
| 001 - CONTROL NUMBER | |
| control field | ocn869801800 |
| 003 - CONTROL NUMBER IDENTIFIER | |
| control field | OCoLC |
| 005 - DATE AND TIME OF LATEST TRANSACTION | |
| control field | 20141001145434.0 |
| 006 - FIXED-LENGTH DATA ELEMENTS--ADDITIONAL MATERIAL CHARACTERISTICS--GENERAL INFORMATION | |
| fixed length control field | m o d |
| 007 - PHYSICAL DESCRIPTION FIXED FIELD--GENERAL INFORMATION | |
| fixed length control field | cr zn||||||||| |
| 008 - FIXED-LENGTH DATA ELEMENTS--GENERAL INFORMATION | |
| fixed length control field | 130418s2013 nyua ob 001 0 eng d |
| 020 ## - INTERNATIONAL STANDARD BOOK NUMBER | |
| International Standard Book Number | 9780071801881 (eISBN) |
| 020 ## - INTERNATIONAL STANDARD BOOK NUMBER | |
| Cancelled/invalid ISBN | 9780071801874 |
| 020 ## - INTERNATIONAL STANDARD BOOK NUMBER | |
| Cancelled/invalid ISBN | 0071801871 |
| 020 ## - INTERNATIONAL STANDARD BOOK NUMBER | |
| International Standard Book Number | 007180188X (eMHID) |
| 035 ## - SYSTEM CONTROL NUMBER | |
| System control number | (OCoLC)869801800 |
| 040 ## - CATALOGING SOURCE | |
| Original cataloging agency | CEF |
| Language of cataloging | eng |
| Transcribing agency | CEF |
| 049 ## - LOCAL HOLDINGS (OCLC) | |
| Holding library | PHDA |
| 050 14 - LIBRARY OF CONGRESS CALL NUMBER | |
| Classification number | HF 5415.1265 |
| Item number | .W4 2013 |
| 100 1# - MAIN ENTRY--PERSONAL NAME | |
| Personal name | Weaver, Jason D. |
| 245 10 - TITLE STATEMENT | |
| Title | Manager's guide to online marketing / |
| Statement of responsibility, etc | Jason D. Weaver. |
| 260 ## - PUBLICATION, DISTRIBUTION, ETC. (IMPRINT) | |
| Place of publication, distribution, etc | U.S.A. : |
| Name of publisher, distributor, etc | McGraw-Hill, |
| Date of publication, distribution, etc | c2013. |
| 300 ## - PHYSICAL DESCRIPTION | |
| Extent | xiv, 201 pages : |
| Other physical details | illustrations ; |
| Dimensions | 24 cm. |
| 440 #2 - SERIES STATEMENT/ADDED ENTRY--TITLE | |
| Title | A briefcase book. |
| 504 ## - BIBLIOGRAPHY, ETC. NOTE | |
| Bibliography, etc | Includes bibliographical references and index. |
| 521 ## - TARGET AUDIENCE NOTE | |
| Target audience note | Business Administration |
| 650 #0 - SUBJECT ADDED ENTRY--TOPICAL TERM | |
| Topical term or geographic name as entry element | Marketing |
| General subdivision | Management. |
| 650 #0 - SUBJECT ADDED ENTRY--TOPICAL TERM | |
| Topical term or geographic name as entry element | Internet marketing. |
| 730 0# - ADDED ENTRY--UNIFORM TITLE | |
| Uniform title | BusinessPro. |
| 856 4# - ELECTRONIC LOCATION AND ACCESS | |
| Uniform Resource Identifier | <a href="http://proxy.library.carleton.ca/login?url=http://library.books24x7.com/library.asp?B̂&bookid=50548">http://proxy.library.carleton.ca/login?url=http://library.books24x7.com/library.asp?B̂&bookid=50548</a> |
| Public note | Books24x7 |
| 942 ## - ADDED ENTRY ELEMENTS (KOHA) | |
| Source of classification or shelving scheme | Library of Congress Classification |
| Koha item type | Books |
| Call number prefix | Foreign |
| Withdrawn status | Lost status | Source of classification or shelving scheme | Damaged status | Home library | Current library | Shelving location | Date acquired | Source of acquisition | Total Checkouts | Total Renewals | Full call number | Barcode | Date last seen | Date checked out | Price effective from | Koha item type |
|---|---|---|---|---|---|---|---|---|---|---|---|---|---|---|---|---|
| Library of Congress Classification | College Library | College Library | Graduate Section | 10/01/2014 | Library Fund | 4 | 5 | HF 5415.1265 .W4 2013 | C18817 | 11/23/2019 | 11/18/2019 | 10/01/2014 | Books |